Normal view
MARC view
Entry Personal Name
001 - CONTROL NUMBER
- control field: 48823
003 - CONTROL NUMBER IDENTIFIER
- control field: dpl
005 - DATE AND TIME OF LATEST TRANSACTION
- control field: 20120611122541.0
008 - FIXED-LENGTH DATA ELEMENTS
- fixed length control field: 120611|||a|||||| | ||| d
040 ## - CATALOGING SOURCE
- Original cataloging agency: dpl
- Transcribing agency: dpl
100 ## - HEADING--PERSONAL NAME
- Personal name: Whiticker, Alan J.
670 ## - SOURCE DATA FOUND
- Source citation: Work cat.: (dpl)53404: Whiticker, Alan J., Speeches that reshaped the world /, 2009
670 ## - SOURCE DATA FOUND
- Source citation: Work cat.: (dpl)53404: Whiticker, Alan J., Speeches that reshaped the world /, 2009
